000 00275nam a2200121Ia 4500
008 190216s9999||||xx |||||||||||||| ||und||
100 _aMadavan Kutty
245 0 _aPhysiology
260 _bKerala Bhasha Institute
_c1971
300 _a188p
650 _aZoology
942 _cBK
999 _c37356
_d37356